Sistema regional de áreas silvestres protegidas de América Central (Registro nro. 1583)

Detalles MARC
000 -CABECERA
Campo de control 00824nam a2200253 a 4500
005 - FECHA Y HORA DE LA ULTIMA TRANSACCION
Campo de control 20191224041607.0
008 - ELEMENTOS DE LONGITUD FIJA—INFORMACION GENERAL
Campo de control 140228t1989 cr ||||gr|||| 00| 0 spa d
020 ## - ISBN
ISBN 997757071x
040 ## - FUENTE DE CATALOGACIÓN
Agencia catalogadora original CO-BoIAVH
Agencia transcriptora CO-BoIAVH
041 ## - IDIOMA
Código de idioma para texto/pista de sonido o título separado Español
044 ## - PAÍS DE PUBLICACIÓN
País de publicación Costa Rica
082 #4 - NUMERO DE CLASIFICACION DECIMAL DEWEY
Número de clasificación 333.78209728
Número del ítem M82s
100 1# - ASIENTO PRINCIPAL--NOMBRE PERSONAL
Nombre personal Morales, Róger
9 (RLIN) 3833
245 1# - MENCION DE TITULO
Título Sistema regional de áreas silvestres protegidas de América Central
260 ## - PUBLICACION, DISTRIBUCION, ETC. (PIE DE IMPRENTA)
Lugar de publicación, distribución, etc. Turrialba
Nombre del editor, distribuidor, etc. CATIE
Fecha de publicación, distribución, etc. 1989
300 ## - DESCRIPCION FISICA
Extensión 121 paginas.:
Dimensiones 23 x 16 cm
650 #4 - ASIENTO SECUNDARIO DE MATERIA - TERMINO TEMATICO
Término temático o nombre geográfico como elemento de entrada Areas protegidas
Subdivisión geográfica America Central
9 (RLIN) 51467
650 #4 - ASIENTO SECUNDARIO DE MATERIA - TERMINO TEMATICO
Término temático o nombre geográfico como elemento de entrada Plan de acción ambiental
Subdivisión geográfica America Central
9 (RLIN) 51468
650 #4 - ASIENTO SECUNDARIO DE MATERIA - TERMINO TEMATICO
Término temático o nombre geográfico como elemento de entrada Manejo de biodiversidad
9 (RLIN) 2614
650 #4 - ASIENTO SECUNDARIO DE MATERIA - TERMINO TEMATICO
Término temático o nombre geográfico como elemento de entrada Conservación de biodiversidad
Subdivisión geográfica America Central
9 (RLIN) 51470
662 ## - ASIENTO SECUNDARIO DE MATERIA - JERARQUIA DEL NOMBRE DE LUGAR(
Jurisdicción política intermedia América Central
700 1# - ASIENTO SECUNDARIO - NOMBRE PERSONAL
Nombre personal Cifuentes, Miguel
9 (RLIN) 12903
942 ## - ELEMENTOS ADICIONALES (KOHA)
Tipo de ítem Libro
Sistema de clasificación Dewey Decimal Classification
Existencias
Withdrawn status Lost status Sistema de Clasificación Damaged status No para préstamo Colección Inventariado Ubicación Permanente Ubicación actual Fecha de adquisición Fuente de Valor Valor Total Checkouts Número topográfico Inventario / Código de Barras Date last seen Ejemplar Price effective from Forma de adquisición Tipo de material
    Dewey Decimal Classification     General Inventariado 2017 Bogotá Bogotá 09/04/2000 Instituto 50000.00   LB-333.78209728 M82s 002173 04/12/2012 Ej. 1 04/12/2012   Libro
    Local     General   Villa de Leyva Villa de Leyva 09/04/2000       LB-01576 002174 04/12/2012 Ej. 2 04/12/2012   Libro